<?xml version="1.0" encoding="UTF-8"?><?xml-stylesheet type="text/xsl" href="static/style.xsl"?><OAI-PMH xmlns="http://www.openarchives.org/OAI/2.0/" xmlns:xsi="http://www.w3.org/2001/XMLSchema-instance" xsi:schemaLocation="http://www.openarchives.org/OAI/2.0/ http://www.openarchives.org/OAI/2.0/OAI-PMH.xsd"><responseDate>2026-06-07T08:00:24Z</responseDate><request verb="GetRecord" identifier="oai:riuma.uma.es:10630/17720" metadataPrefix="marc">https://riuma.uma.es/rest/oai/request</request><GetRecord><record><header><identifier>oai:riuma.uma.es:10630/17720</identifier><datestamp>2026-02-03T10:27:07Z</datestamp><setSpec>com_10630_1685</setSpec><setSpec>col_10630_38056</setSpec></header><metadata><record xmlns="http://www.loc.gov/MARC21/slim" xmlns:dcterms="http://purl.org/dc/terms/" xmlns:doc="http://www.lyncode.com/xoai" xmlns:xsi="http://www.w3.org/2001/XMLSchema-instance" xsi:schemaLocation="http://www.loc.gov/MARC21/slim http://www.loc.gov/standards/marcxml/schema/MARC21slim.xsd">
   <leader>00925njm 22002777a 4500</leader>
   <datafield ind2=" " ind1=" " tag="042">
      <subfield code="a">dc</subfield>
   </datafield>
   <datafield ind2=" " ind1=" " tag="720">
      <subfield code="a">Navarro Sánchez, Antonio</subfield>
      <subfield code="e">author</subfield>
   </datafield>
   <datafield ind2=" " ind1=" " tag="260">
      <subfield code="c">2019-05-27</subfield>
   </datafield>
   <datafield ind2=" " ind1=" " tag="520">
      <subfield code="a">El proyecto que presento a continuación se propone plantear –o surge de– una reflexión en torno a la forma en la que habitamos la ciudad y los espacios tecnológicos.&#xd;
A partir de determinadas experiencias e inquietudes personales, así como de diversas lecturas u obsesiones, he generado un conjunto de piezas audiovisuales que&#xd;
pretenden estimular la reflexión sobre cuestiones como la articulación del deseo, la sociedad del control, la visibilidad, la violencia, la representación, el ocio&#xd;
y otras preocupaciones que emergen en un discurso que es pretendidamente poliédrico y de referencias múltiples. Me planteo poner en práctica procesos de&#xd;
desidentificación que abran una compresión menos automatizada de nuestro entorno mediado por la tecnología y las imágenes. Estos procesos están marcados&#xd;
tanto por pulsiones y deseos personales como por una actitud fundamentada en la sospecha y desconfianza hacia aquello que captura mi subjetividad</subfield>
   </datafield>
   <datafield ind1="8" ind2=" " tag="024">
      <subfield code="a">https://hdl.handle.net/10630/17720</subfield>
   </datafield>
   <datafield tag="653" ind2=" " ind1=" ">
      <subfield code="a">Bellas Artes - Trabajos Fin de Master</subfield>
   </datafield>
   <datafield tag="653" ind2=" " ind1=" ">
      <subfield code="a">Sexo en el arte</subfield>
   </datafield>
   <datafield tag="653" ind2=" " ind1=" ">
      <subfield code="a">Fotografía artística</subfield>
   </datafield>
   <datafield ind2="0" ind1="0" tag="245">
      <subfield code="a">Punto de dispersión: poéticas de la sospecha</subfield>
   </datafield>
</record>
</metadata></record></GetRecord></OAI-PMH>